| 000 | 01412nam a22003137a 4500 | ||
|---|---|---|---|
| 003 | AR-RoIUNI | ||
| 005 | 20211119121916.0 | ||
| 007 | ta | ||
| 008 | 170425s2017 ag |||||r|||| 00| 0 spa d | ||
| 040 |
_bSpa _cIUNIR _eAnglo |
||
| 080 | _a159.923.2 | ||
| 100 | 1 | _aDi Camilo, Gina. | |
| 245 | 1 | 3 |
_aLa ley eclipsada : _buna análisis de la importancia de la función paterna en la constitución psíquica del niño y los efectos de su declinación en la época actual / _cGina Di Camilo ; [directora] María Fernanda Fignoni. |
| 260 |
_aRosario : _bLa autora, _c2017. |
||
| 300 |
_a44 p. ; _c30 cm |
||
| 500 | _aTrabajo integrador final obligatorio (TIFO). Escuela de psicología, Instituto Universitario Italiano de Rosario. | ||
| 504 | _aINCBIB | ||
| 505 | 0 | _aIntroducción -- Hipótesis y objetivos -- Metodología -- Primera parte. Algunas consideraciones -- Comienzos no tan propios -- Sujeto a -- El deseo propio es el deseo del Otro -- Primera identificación -- Tres son multitud -- No se nace hijo -- Segunda parte. ¿Una sociedad que progresa? -- Tercera parte. Los efectos de la época actual en la trama familiar -- Conclusiones. | |
| 650 | 4 |
_aPSICOLOGÍA _9108 |
|
| 650 | 4 |
_aTESIS _9513 |
|
| 650 | 4 | _aPSICOANÁLISIS | |
| 650 | 4 | _aNIÑOS | |
| 650 | 4 | _aDESARROLLO | |
| 650 | 4 | _aFAMILIA | |
| 650 | 4 | _aPATERNIDAD | |
| 653 | 0 | _aTIFO | |
| 700 | 1 | _aFignoni, María Fernanda. | |
| 942 |
_2cdu _cBK |
||
| 999 |
_c3648 _d3648 |
||